Bài tập phép tính vi phân và tích phân Tập 1 Bài tập phép tính vi phân và tích phân
Tập hợp số. Không gian Metric và không gian Banach. Chuỗi trong không gian Banach. Hàm liên tục trên không gian Metric. Phép tính vi phân.
Gorde:
| Egile nagusia: | |
|---|---|
| Beste egile batzuk: | , |
| Formatua: | Liburua |
| Hizkuntza: | Vietnamese |
| Argitaratua: |
H.
Đại học Sư Phạm
2004
|
| Edizioa: | Tái bản lần thứ nhất |
| Gaiak: | |
| Etiketak: |
Etiketa erantsi
Etiketarik gabe, Izan zaitez lehena erregistro honi etiketa jartzen!
|
| Thư viện lưu trữ: | Mạng thư viện Đại học Đà Nẵng |
|---|
| LEADER | 01478nam a2200385 4500 | ||
|---|---|---|---|
| 001 | 000007843 | ||
| 003 | 4013 | ||
| 005 | 20121016091045.0 | ||
| 008 | 111012s2004 viesd | ||
| 020 | |c 25000đ | ||
| 041 | 0 | |a vie | |
| 082 | |a 515 |b NG-K | ||
| 100 | 0 | |a Nguyễn Văn Khuê |e Chủ biên | |
| 245 | 1 | 0 | |a Bài tập phép tính vi phân và tích phân |c Nguyễn Văn Khuê |n Tập 1 |p Bài tập phép tính vi phân và tích phân |
| 250 | |a Tái bản lần thứ nhất | ||
| 260 | |a H. |b Đại học Sư Phạm |c 2004 | ||
| 300 | |a 258tr |c 21cm | ||
| 520 | |a Tập hợp số. Không gian Metric và không gian Banach. Chuỗi trong không gian Banach. Hàm liên tục trên không gian Metric. Phép tính vi phân. | ||
| 653 | |a Vi phân | ||
| 653 | |a Tích phân | ||
| 653 | |a Toán học | ||
| 700 | |a Cấn Văn Tuất |e Tác giả | ||
| 700 | |a Bùi Đắc Tắc |e Tác giả | ||
| 773 | |t Bài tập phép tính vi phân và tích phân |w 4012 | ||
| 910 | |a Lai Thi Minh Phuong |d 12/10/2011 | ||
| OWN | |a LSP | ||
| AVA | |a UDN50 |b LSP |d 515 NG-K |e check_holdings |t Error 5003 Not defined in file expand_doc_bib_avail. |h N |k 1 | ||
| 999 | |a From the UDN01 | ||
| AVA | |a UDN50 |b LSP |d 515 NG-K |e available |t Error 5001 Not defined in file expand_doc_bib_avail. |f 55 |g 0 |h N |i 10 |k 1 | ||
| TYP | |a Monograph | ||
| TYP | |a Printed language | ||
| 980 | |a Mạng thư viện Đại học Đà Nẵng | ||